Aquí y ahora / (Registro nro. 3953)

Detalles MARC
000 -LEADER
fixed length control field 00834nam a2200241Ia 4500
003 - CONTROL NUMBER IDENTIFIER
control field OSt
005 - DATE AND TIME OF LATEST TRANSACTION
control field 20200916111557.0
008 - FIXED-LENGTH DATA ELEMENTS--GENERAL INFORMATION
fixed length control field 191128s2015 ck ao gr 000 0dspa d
020 ## - INTERNATIONAL STANDARD BOOK NUMBER
International Standard Book Number 9789584672605
040 ## - CATALOGING SOURCE
Original cataloging agency CO-JMCR
Transcribing agency CO-JMCR
041 0# - LANGUAGE CODE
Language code of text/sound track or separate title spa
-- eng
082 04 - DEWEY DECIMAL CLASSIFICATION NUMBER
Classification number 779.2 /
Item number M828a
Edition number 23
100 1# - MAIN ENTRY--PERSONAL NAME
Personal name Morales Betancourt, Luis,
Relator term autor
9 (RLIN) 10268
245 10 - TITLE STATEMENT
Title Aquí y ahora /
Statement of responsibility, etc. Luis Morales
260 ## - PUBLICATION, DISTRIBUTION, ETC.
Place of publication, distribution, etc. Bogotá :
Name of publisher, distributor, etc. Embajada de Suiza en Colombia,
Date of publication, distribution, etc. 2015
300 ## - PHYSICAL DESCRIPTION
Extent [44] páginas sin numerar :
Other physical details fotografías a color ;
Dimensions 21 cm.
500 ## - GENERAL NOTE
General note Incluye datos bibliográficos del autor.
546 ## - LANGUAGE NOTE
Language note Texto en español e inglés.
586 ## - AWARDS NOTE
Awards note XI Premio Nacional Colombo-Suizo de Fotografía.
600 14 - SUBJECT ADDED ENTRY--PERSONAL NAME
Personal name Morales, Luis
General subdivision trabajos fotográficos
Form subdivision concursos
9 (RLIN) 10269
650 14 - SUBJECT ADDED ENTRY--TOPICAL TERM
Topical term or geographic name entry element Retratos
General subdivision fotografías
9 (RLIN) 10270
942 ## - ADDED ENTRY ELEMENTS (KOHA)
Source of classification or shelving scheme Dewey Decimal Classification
Koha item type Books
Existencias
Withdrawn status Lost status Source of classification or shelving scheme Damaged status Not for loan Collection code Home library Current library Date acquired Source of acquisition Full call number Barcode Date last seen Copy number Koha item type
    Dewey Decimal Classification     Non-fiction Biblioteca Pública José María del Castillo y Rada Biblioteca Pública José María del Castillo y Rada 12/01/2017 Donación 779.2 / M828a 201808754 05/16/2024 Ej.1 Books